000 00306 a2200121 4500
005 20250623144315.0
020 _a978-9987-694-22-8
100 _aURASSA, O
245 _aAccounting
260 _aDar es Salaam
_bThe Tanzania Institute of Bankers
_c2012
300 _ax,358p.: ill;Table
_c24cm
942 _2ddc
_cBKS
999 _c4683
_d4683